| 000 | 00487nam a22001817a 4500 | ||
|---|---|---|---|
| 008 | 150708b xxu||||| |||| 00| 0 alb d | ||
| 020 | _a9789951599016 | ||
| 041 | 0 | _aalb | |
| 080 | _a328 | ||
| 100 | _aBajrami, Arsim ; | ||
| 245 |
_aParlamentarizmi : _cArsim Bajrami. |
||
| 260 |
_aPrishtinë : _bKolegji FAMA ; _c2010. |
||
| 300 |
_a514 f.; _c24 cm. |
||
| 500 | _aParathënie: f. 17-20 | ||
| 650 | 0 | _aParlamentarizmi | |
| 650 | 0 | _aQeveria | |
| 942 |
_2udc _cBK |
||
| 999 |
_c1097 _d1097 |
||